Catalytic cymene cracking on H-ZSM-5 type zeolites

Elmentve itt :
Bibliográfiai részletek
Szerzők: Bielanski Adam
Małecka A.
Dokumentumtípus: Cikk
Megjelent: 1985
Sorozat:Acta physica et chemica 31 No. 1-2
Kulcsszavak:Természettudomány, Kémia, Fizika
Online Access:http://acta.bibl.u-szeged.hu/24290
LEADER 00677nab a2200193 i 4500
001 acta24290
005 20210601115217.0
008 161017s1985 hu o 0|| hun d
022 |a 0001-6721 
040 |a SZTE Egyetemi Kiadványok Repozitórium  |b hun 
041 |a hun 
100 1 |a Bielanski Adam 
245 1 0 |a Catalytic cymene cracking on H-ZSM-5 type zeolites  |h [elektronikus dokumentum] /  |c  Bielanski Adam 
260 |c 1985 
300 |a 389-396 
490 0 |a Acta physica et chemica  |v 31 No. 1-2 
695 |a Természettudomány, Kémia, Fizika 
700 0 1 |a Małecka A.  |e aut 
856 4 0 |u http://acta.bibl.u-szeged.hu/24290/1/phys_chem_031_fasc_001_002_389-396.pdf  |z Dokumentum-elérés